| 000 | 00715nam a2200217Ia 4500 | ||
|---|---|---|---|
| 003 | GCL | ||
| 008 | 140319s9999 xx 000 0 ara d | ||
| 040 |
_aGCL / _cGCL |
||
| 082 | 0 | 4 |
_a780.92 _bع ا |
| 100 | 1 | _aعبدالله احمد عبدالله | |
| 245 | 1 | 0 |
_aام كلثوم : الحب الكبير / _cعبدالله احمد عبدالله |
| 300 | _a190 ص | ||
| 490 |
_aالهيئة العامة للاستعلامات _v0 |
||
| 650 | 0 | 4 | _aالموسيقى |
| 650 | 0 | 4 | _aالموسيقيون المصريون |
| 650 | 0 | 4 | _aالاغانى |
| 650 | 0 | 4 | _aام كلثوم |
| 650 | 0 | 4 | _aالتأليف الموسيقى |
| 650 | 0 | 4 | _aالشعر العربى - العصر الحديث |
| 942 |
_2ddc _cBK |
||
| 999 |
_c47799 _d47799 |
||